=LDR 00000nam 2200000 4500 =001 NUTBA000000000002285 =005 20140611111510.0 =006 =007 =008 =035 ##$$a 0010-061400000000228 =082 ##$$a 028.5 =090 ##$$a 028.5 $b kee a =100 ##$$a keen achroni $t anak kreatif seri transportasi =245 ##$$a anak kreatif seri transportasi =260 ##$$a jogjakarta $b pt. buku kita $c 2011 =300 ##$$a 24 hlm $b illus $c 28 cm =850 ##$$a NBPBMAT =990 ##$$a 21400613/BPAP-NTB/20142014 =990 ##$$a 21400613/BPAP-NTB/20142014